00845nam a22002537a 450000500170000001000130001702000250003003500130005503700160006804000120008408200160009610000190011224501850013124600060031626000320032227000730035430000290042750000200045665000350047670000210051170000170053270000220054970000200057120170124110242.0 aB-220795 c00.00a9788187107484 aB-220795 bCen Lib/Ret aDPLbEN a909.03bBIN aBingham, Jane  aThe usborne internet-linked encyclopedia of World history /cby Jane Bingham, Fiona Chandler [and] Sam Taplin ; illustrated by Inklink Firenze...[et al.] ; edited by Jane Chisholm  b  bOm Books aNew Delhi c2006 a4379/4B, Prakash house, ansari road, Dariyaganj bNew Delhi e110002 a414p. :c27cm(pbk)bill. aIncludes index  aWorld history -- Encyclopedia  aChandler, Fiona  a Taplin, Sam aFirenze, Inklink  aChisholm, Jane